000 00309nam a22001217a 4500
008 180607b xxu||||| |||| 00| 0 eng d
041 _aeng
080 _a043.3
100 _a0
101 _aMEK-BTH
245 _aSistemet për furnizim të pandërprerë me energji elektrike (UPS)
_cIlazi,F
942 _2udc
_cBK
999 _c46550
_d46550